000 01751nam a22003137a 4500
005 20110314162141.0
008 110314t xxu||||| |||| 00| 0 eng d
010 _aENG-102121
020 _a9780071071376
_c525.00
020 _a0071071377
_c525.00
035 _aEN-85654
037 _bDBAD / PUB
040 _adpl
_bEng
082 _a004.165
100 _926524
_aHart-Davis, Guy
245 _aIntegrating Macs into Windows networks /
_cby Guy Hart-Davis
260 _aNew Delhi
_bTata McGraw Hill
_c2010
270 _a7, West Patel Nagar
_bNew Delhi
_e110008
_k011-45546396
_mregalbookspub@yahoo.com
300 _axxi, 410 p. :
_c23 cm (pbk)
_bill.
500 _aIncludes index
505 _aPlanning your Mac rollout -- Connecting the Macs to the network and active directory -- Binding a Mac OSX server to manage Macs via a "magic triangle" -- Extending active directory to handle Mac clients natively -- Giving your Macs safe access to the internet -- Connecting Macs to microsoft exchange -- Providing home folders and file services to Macs -- Setting up printing on Macs -- Installing and updating software -- Run windows programs on Macs -- Providing remote access for and to Macs -- Backing up and restoring Macs -- Recovering from disasters on Macs -- Adding Macs to small windows networks.
650 _926546
_aInternetworking (Telecommunication)
650 _aCross-platform software development.
_926549
650 _aMacintosh (Computer)
_926551
650 _aIBM-compatible computers.
_926552
700 _926525
942 _adpl
_cEN
_2ddc
_h004.165
_mHAR
999 _c51044
_d51044